Selection of rubber clones for resistance to South American leaf blight and latex yield in the germplasm of the Michelin plantation of Bahia(Brazil) (Record no. 68571)
[ view plain ]
| 000 -LEADER | |
|---|---|
| fixed length control field | 01895nam a2200265Ia 4500 |
| 100 ## - MAIN ENTRY--AUTHOR NAME | |
| Personal name | Garcia D |
| 245 #0 - TITLE STATEMENT | |
| Title | Selection of rubber clones for resistance to South American leaf blight and latex yield in the germplasm of the Michelin plantation of Bahia(Brazil) |
| 260 ## - PUBLICATION, DISTRIBUTION, ETC. (IMPRINT) | |
| Name of publisher | Journal of Rubber Research |
| Year of publication | 2004 |
| 300 ## - PHYSICAL DESCRIPTION | |
| Number of Pages | 188-198 |
| 520 ## - SUMMARY, ETC. | |
| Summary, etc | South American Leaf Blight (SALB), caused by an ascomycete fungus, Microcyclus ulei Henn is one of the most serios disease in Hevea spp. Although it is not found in South-East Asia and Africa, it is nevertheless a potential threat for these regions which account for over 98;of world rubber production. SALB resistance and latex yield were measured in a rubber tree clonal trial planted at Itubera (Bahia, Brazil), on 36 different clones coming from the germplasm of the Michelin plantation of Bahia. The clones were evaluated for their resistance to SALB during the first two years after planting. Inoculation tests and trials of the resistance during collection were carried out to confirm the trial observations. Latex yield was estimated on five-year-old rubber trees and architecture of the truck and the capony, structural traits of the laticiferous system were taken into consideration for the ultimate selection. This study indicated that few clones which were high yielding were also SALB resistant. The clones MDX 624, FDR 5788, CD 1130, MDX 607, CDC 312, FDR 5665, FDR 5802, CD 1174 were selected and will be studied in a large-scale clonal trial. |
| 650 ## - SUBJECT ADDED ENTRY--TOPICAL TERM | |
| Topical Term | Brazil |
| 650 ## - SUBJECT ADDED ENTRY--TOPICAL TERM | |
| Topical Term | Breeding |
| 650 ## - SUBJECT ADDED ENTRY--TOPICAL TERM | |
| Topical Term | Disease |
| 650 ## - SUBJECT ADDED ENTRY--TOPICAL TERM | |
| Topical Term | Germplasm |
| 650 ## - SUBJECT ADDED ENTRY--TOPICAL TERM | |
| Topical Term | Hevea brasiliensis |
| 650 ## - SUBJECT ADDED ENTRY--TOPICAL TERM | |
| Topical Term | Latex yield |
| 650 ## - SUBJECT ADDED ENTRY--TOPICAL TERM | |
| Topical Term | Microcyclus ulei |
| 650 ## - SUBJECT ADDED ENTRY--TOPICAL TERM | |
| Topical Term | Resistnace |
| 650 ## - SUBJECT ADDED ENTRY--TOPICAL TERM | |
| Topical Term | SALB |
| 700 ## - ADDED ENTRY--PERSONAL NAME | |
| Personal name | Goncalves P De S |
| 700 ## - ADDED ENTRY--PERSONAL NAME | |
| Personal name | Guen V Le |
| 700 ## - ADDED ENTRY--PERSONAL NAME | |
| Personal name | Mattos C R R |
| 942 ## - ADDED ENTRY ELEMENTS (KOHA) | |
| Koha item type | Journals |
| Withdrawn status | Lost status | Damaged status | Not for loan | Home library | Current library | Shelving location | Date acquired | Serial Enumeration / chronology | Koha item type |
|---|---|---|---|---|---|---|---|---|---|
| Journals | RRII Library | RRII Library | Pathology | 17/12/2021 | Volume 7, Issue 3 | Journals |